In Pólya's footsteps : miscellaneous problems and essays /

Guardado en:
Autor Principal: Honsberger, Ross, 1929-
Formato: Libro
Idioma:English
Publicado: [Washington, D.C.] : Mathematical Association of America, c1997.
Series:Dolciani mathematical expositions ; no. 19
Etiquetas: Agregar Etiqueta
Sin Etiquetas, Sea el primero en etiquetar este registro!
LEADER 00669nam a22001815a 4500
001 MAT.inmabb000209
008 970211s1997####dcua#####b####000#0#eng#d
005 20180316162651.0
245 1 0 |a In Pólya's footsteps :  |b miscellaneous problems and essays /  |c Ross Honsberger. 
260 |a [Washington, D.C.] :  |b Mathematical Association of America,  |c c1997. 
300 |a x, 315 p. :  |b il. ;  |c 23 cm. 
440 0 |a Dolciani mathematical expositions ;  |v no. 19 
504 |a Incluye referencias bibliográficas. 
510 4 |a MR,  |c 98d:00002 
020 |a 0883853264 
100 1 |a Honsberger, Ross,  |d 1929- 
084 |a 00A07 (00A08)  |2 msc2000  |9 2000 
859 |h 00A07  |i H774p  |p A-7929  |b BIB. MATEMATICA